|
|
|
|
| LEADER |
00000nab a2200000 a 4500 |
| 001 |
vtls000063763 |
| 003 |
SK-MaSNL |
| 005 |
20260304181504.0 |
| 008 |
250422c1980 xo 0 slo |
| 015 |
|
|
|a SNBRB19rr/mm-uuuuu
|
| 035 |
|
|
|a CL0073863
|
| 035 |
|
|
|a urn:nbn:sk:snk-abb8zr
|
| 035 |
|
|
|a (urnnbn)urn:nbn:sk:snk:ar-0055w9
|
| 035 |
|
|
|a (uuid)2509ef84-cc93-4720-9177-0d41d39ed2f4
|
| 040 |
|
|
|a SNKBUCL
|b slo
|c SNKBUCL
|e AACR2
|
| 041 |
0 |
|
|a cze
|
| 044 |
|
|
|a xo
|c SK
|
| 080 |
|
|
|a 681.5
|2 1981
|
| 080 |
|
|
|a 339.5
|2 1981
|
| 100 |
1 |
|
|a (sk)
|4 aut
|9 818831
|
| 245 |
1 |
0 |
|a ASŘ také v zahraničním obchodě..
|c (sk)
|
| 650 |
0 |
7 |
|a automatizované systémy riadenia
|2 snkbucl
|9 28612
|
| 650 |
0 |
7 |
|a zahraničný obchod
|2 snkbucl
|9 2200
|
| 655 |
|
7 |
|a články z novín a časopisov
|2 snkbucl
|9 267496
|
| 773 |
0 |
|
|t Technická práca
|g Roč. 32, č. 7 (1980), s. 63-64
|
| 850 |
|
|
|a Slovenská národná knižnica
|
| 852 |
|
|
|a Slovenská národná knižnica
|
| 957 |
|
|
|a 3305
|
| 958 |
|
|
|a article15
|
| 958 |
|
|
|a RK
|
| 958 |
|
|
|a CZ
|
| 958 |
|
|
|a OND
|
| 958 |
|
|
|a EUIPO
|
| 992 |
|
|
|a RBX
|
| 999 |
|
|
|c 3024311
|d 3026241
|